Statistics for Aston Villa F.C. squad, 1980-81

Click here to take the quiz!

General Stats

  • This quiz has been taken 133 times
  • The average score is 8 of 14

Answer Stats

HintAnswer% Correct
9Peter Withe
88%
8Gary Shaw
85%
11Tony Morley
85%
10Gordon Cowans
79%
1Jimmy Rimmer
76%
6Dennis Mortimer
71%
4Allan Evans
61%
7Des Bremner
59%
5Ken McNaught
57%
2Kenny Swain
44%
13Gary Williams
43%
3Colin Gibson
33%
12David Geddis
31%
14Eamonn Deacy
20%

Score Distribution

Percentile by Number Answered

Percent of People with Each Score

Your Score History

You have not taken this quiz